[Event "31è Open International d'Avoine 2016"]
[Site "Avoine"]
[Date "2016.07.23"]
[Round "8.30"]
[White "Dupont, Arthur"]
[Black "Malassagne, Isabelle"]
[Result "0-1"]
[WhiteElo "1937"]
[BlackElo "2140"]
[PlyCount "48"]
[EventDate "2016.??.??"]
[WhiteTeam "La Tour Basilienne"]
[BlackTeam "Clichy-Echecs-92"]

1. Nf3 Nf6 2. d4 g6 3. c4 Bg7 4. Nc3 d5 5. Bf4 O-O 6. e3 c5 7. Be2 cxd4 8. exd4
Nc6 9. O-O dxc4 10. Bxc4 Na5 11. Be2 Be6 12. Ne5 Rc8 13. Rc1 Nd5 14. Nxd5 Qxd5
15. Qa4 Nc6 16. Nxc6 bxc6 17. Qxa7 Bxd4 18. Qxe7 Qe4 19. Bh6 Qxe2 20. Bxf8 Rxf8
21. Rxc6 Qg4 22. h3 Qf4 23. Qd6 Be5 24. g3 Qf3 0-1

[Event "31è Open International d'Avoine 2016"]
[Site "Avoine"]
[Date "2016.07.23"]
[Round "8.31"]
[White "Roussel, Glenn"]
[Black "Gac, Jean-Luc"]
[Result "1-0"]
[WhiteElo "2139"]
[BlackElo "1471"]
[PlyCount "73"]
[EventDate "2016.??.??"]
[WhiteTeam "Echiquier Guingampais"]
[BlackTeam "Echiquier de l'ABC Pays de Vannes"]

1. e4 e5 2. Nf3 Nf6 3. Nxe5 d6 4. Nf3 Nxe4 5. Nc3 Nxc3 6. dxc3 Be7 7. Be3 Bg4
8. Qd4 Bxf3 9. gxf3 f6 10. O-O-O Qd7 11. h4 Qc6 12. Rg1 g6 13. Bh6 Qc5 14. Qxc5
dxc5 15. Bc4 Nd7 16. Bg7 Rf8 17. Bxf8 Nxf8 18. Rge1 Rd8 19. Rd3 Rxd3 20. Bxd3
Nd7 21. h5 Ne5 22. hxg6 hxg6 23. Be4 b6 24. f4 f5 25. fxe5 fxe4 26. Rxe4 Kd7
27. e6+ Kd6 28. Kd2 g5 29. Ke3 Bf6 30. f4 gxf4+ 31. Kxf4 Bh4 32. Kf5 Be7 33.
Re2 Bd8 34. Kg6 Ke7 35. Rd2 c6 36. Rxd8 Kxd8 37. Kf7 1-0

[Event "31è Open International d'Avoine 2016"]
[Site "Avoine"]
[Date "2016.07.23"]
[Round "8.32"]
[White "Forget, Cyril"]
[Black "Ronce, Nathan"]
[Result "0-1"]
[WhiteElo "1886"]
[BlackElo "2122"]
[PlyCount "68"]
[EventDate "2016.??.??"]
[WhiteTeam "La tour de Juvisy"]
[BlackTeam "Echiquier Montelais"]

1. e4 c5 2. c3 Nf6 3. e5 Nd5 4. d4 cxd4 5. Nf3 e6 6. cxd4 b6 7. Nc3 Nxc3 8.
bxc3 Qc7 9. Bd2 Bb7 10. Bd3 d6 11. O-O Nd7 12. Re1 h6 13. Rc1 Be7 14. Bf4 Rc8
15. exd6 Bxd6 16. Bxd6 Qxd6 17. Ne5 O-O 18. Nxd7 Qxd7 19. Re3 Qe7 20. Rg3 Qf6
21. Qg4 Rfd8 22. Re1 Rxc3 23. Bh7+ Kxh7 24. Rxc3 Rxd4 25. Qe2 g6 26. Rc7 Bd5
27. f3 Ra4 28. Rc2 a6 29. Rd1 b5 30. Qd3 Bxa2 31. Rc7 Bd5 32. Qe3 Ra2 33. Rb1
Kg7 34. Qa7 Rxg2+ 0-1

[Event "31è Open International d'Avoine 2016"]
[Site "Avoine"]
[Date "2016.07.23"]
[Round "8.33"]
[White "Dupont, Victor"]
[Black "Grigorian, Roudolph"]
[Result "1/2-1/2"]
[WhiteElo "1888"]
[BlackElo "2110"]
[PlyCount "44"]
[EventDate "2016.??.??"]
[WhiteTeam "La Tour Basilienne"]
[BlackTeam "U.S.Villejuif Echecs"]

1. Nf3 d5 2. g3 Nf6 3. Bg2 e6 4. O-O Be7 5. d4 O-O 6. c4 dxc4 7. Ne5 c5 8. dxc5
Bxc5 9. Qc2 Qe7 10. Qxc4 Bd6 11. Nd3 e5 12. Nc3 a6 13. Bg5 Nbd7 14. Rfd1 h6 15.
Nd5 Qd8 16. Bxf6 Nxf6 17. Nc5 Bxc5 18. Qxc5 Nxd5 19. Rxd5 Qf6 20. Rd6 Qe7 21.
Rc6 Re8 22. Rc7 Qxc5 1/2-1/2

[Event "31è Open International d'Avoine 2016"]
[Site "Avoine"]
[Date "2016.07.23"]
[Round "8.34"]
[White "Marimoutou, Loic"]
[Black "Lamaze, David"]
[Result "1-0"]
[WhiteElo "2077"]
[BlackElo "1464"]
[PlyCount "53"]
[EventDate "2016.??.??"]
[WhiteTeam "C.E. de  Bois-Colombes"]
[BlackTeam "Echiquier Briochin"]

1. e4 e5 2. Nf3 Nc6 3. Bc4 Nf6 4. d3 Bc5 5. c3 d5 6. exd5 Nxd5 7. b4 Bb6 8. O-O
a6 9. Nxe5 Nxe5 10. Qe2 f6 11. d4 Be6 12. dxe5 f5 13. Rd1 c6 14. Bxd5 cxd5 15.
c4 Qc7 16. c5 Bxc5 17. bxc5 Qxc5 18. Ba3 Qa5 19. Qh5+ g6 20. Qg5 Qc7 21. Nd2
Qd8 22. Qh6 Kf7 23. Nf3 Qd7 24. Rac1 Rac8 25. Ng5+ Ke8 26. Rxc8+ Qxc8 27. Qg7
1-0

[Event "31è Open International d'Avoine 2016"]
[Site "Avoine"]
[Date "2016.07.23"]
[Round "8.35"]
[White "Patarin, Arnaud"]
[Black "Guerlach, Keigo"]
[Result "1/2-1/2"]
[WhiteElo "1775"]
[BlackElo "2075"]
[PlyCount "51"]
[EventDate "2016.??.??"]
[WhiteTeam "Club d'Echecs d'Avoine"]
[BlackTeam "C.E. de  Bois-Colombes"]

1. c4 e6 2. Nc3 d5 3. cxd5 exd5 4. Nf3 c6 5. g3 Bd6 6. Bg2 Nf6 7. d3 O-O 8. O-O
Re8 9. b3 Bg4 10. h3 Bxf3 11. Bxf3 Nbd7 12. Bg2 d4 13. Ne4 Nxe4 14. dxe4 Bc5
15. Kh2 Nf6 16. Qc2 Bb6 17. f4 Qe7 18. e5 Nd5 19. Re1 f6 20. e4 Ne3 21. Bxe3
dxe3 22. exf6 gxf6 23. Rad1 Rad8 24. Rxd8 Rxd8 25. Rd1 Rd6 26. Qe2 1/2-1/2

[Event "31è Open International d'Avoine 2016"]
[Site "Avoine"]
[Date "2016.07.23"]
[Round "8.36"]
[White "Algaba, Pedro"]
[Black "Mancini, Mario"]
[Result "0-1"]
[WhiteElo "1923"]
[BlackElo "2278"]
[PlyCount "62"]
[EventDate "2016.??.??"]
[WhiteTeam "Echiquier de l'Erdre"]
[BlackTeam "Cercle d'Echecs de Villepinte"]

1. e4 c5 2. Nf3 e6 3. d4 cxd4 4. Nxd4 a6 5. c4 Nf6 6. Nc3 Qc7 7. Be2 Bb4 8. Qd3
d6 9. Bd2 Nbd7 10. Qg3 O-O 11. Bh6 Bxc3+ 12. bxc3 Ne8 13. f4 Kh8 14. Bg5 Nc5
15. Qe3 f6 16. Bh4 e5 17. Nb3 exf4 18. Qxf4 Be6 19. O-O Qf7 20. Nxc5 dxc5 21.
e5 g5 22. Bxg5 fxg5 23. Qxg5 Qg7 24. Rxf8+ Qxf8 25. Rf1 Qg7 26. Qe3 b6 27. Rf4
Nc7 28. Bd3 Rf8 29. Rh4 Bg8 30. Rh6 Ne6 31. Bxh7 Nf4 0-1

[Event "31è Open International d'Avoine 2016"]
[Site "Avoine"]
[Date "2016.07.23"]
[Round "8.37"]
[White "Frick, Christoph"]
[Black "Viers, Matthieu"]
[Result "1-0"]
[WhiteElo "2245"]
[BlackElo "1915"]
[PlyCount "76"]
[EventDate "2016.??.??"]
[WhiteTeam "Mulhouse Philidor"]
[BlackTeam "LEC Echiquier Limousin"]

1. d4 Nf6 2. Bf4 g6 3. e3 Bg7 4. Nf3 d6 5. h3 Nbd7 6. Be2 O-O 7. O-O c5 8. c3
b6 9. Nbd2 Bb7 10. a4 a6 11. Qb1 d5 12. Bd3 Re8 13. Bh2 Nh5 14. g4 Nhf6 15. Ne5
Nxe5 16. Bxe5 Nd7 17. Bxg7 Kxg7 18. f4 f6 19. Qe1 e5 20. Qg3 Qe7 21. Rae1 Bc6
22. Bc2 cxd4 23. exd4 e4 24. Rf2 b5 25. a5 Rac8 26. b4 Bb7 27. Re3 Rc6 28. h4
g5 29. fxg5 fxg5 30. hxg5 Rg6 31. Nf3 Qd8 32. Nh4 Rxg5 33. Nf5+ Kg8 34. Nh6+
Kg7 35. Nf7 Qe7 36. Nxg5 Qxg5 37. Rf5 Qg6 38. Qf4 Nf6 1-0

[Event "31è Open International d'Avoine 2016"]
[Site "Avoine"]
[Date "2016.07.23"]
[Round "8.38"]
[White "Mauffrey, Hugues"]
[Black "Boehm, Martin"]
[Result "1-0"]
[WhiteElo "1895"]
[BlackElo "2234"]
[PlyCount "51"]
[EventDate "2016.??.??"]
[WhiteTeam "l'Echiquier de La Ville Montreuil"]

1. e4 c5 2. Nf3 e6 3. d4 cxd4 4. Nxd4 a6 5. Nc3 b5 6. a3 Bb7 7. Be2 d6 8. O-O
Nf6 9. Bf3 Nbd7 10. g3 Be7 11. Bg2 Qc7 12. Re1 O-O 13. f4 Rfd8 14. Be3 Bf8 15.
g4 Nb6 16. g5 Nfd7 17. Qh5 Nc4 18. Bf2 g6 19. Qh4 Nxb2 20. Re3 Bg7 21. Rh3 Nf8
22. f5 Be5 23. f6 h5 24. Nce2 d5 25. Bf3 dxe4 26. Bxh5 1-0

[Event "31è Open International d'Avoine 2016"]
[Site "Avoine"]
[Date "2016.07.23"]
[Round "8.39"]
[White "Travadon, Loic"]
[Black "Harutyunyan, Safar"]
[Result "1-0"]
[WhiteElo "2218"]
[BlackElo "1889"]
[PlyCount "83"]
[EventDate "2016.??.??"]
[WhiteTeam "C.E. de  Bois-Colombes"]
[BlackTeam "Echiquier Club Le Mans"]

1. e4 d5 2. exd5 Nf6 3. d4 Bg4 4. Bb5+ Nbd7 5. Be2 Bxe2 6. Qxe2 Nxd5 7. c4 N5f6
8. Nf3 e6 9. O-O Be7 10. Nc3 O-O 11. Bf4 Bd6 12. Ne5 a6 13. Rfe1 Re8 14. Rad1
Qe7 15. Bg5 Qf8 16. Rd3 b5 17. Rg3 Kh8 18. cxb5 axb5 19. Qxb5 Bxe5 20. dxe5
Rab8 21. Qd3 Nc5 22. Qc2 Nd5 23. Rh3 h6 24. Nxd5 exd5 25. Rd1 Rxe5 26. Rxh6+
gxh6 27. Bf6+ Kg8 28. Bxe5 Ne4 29. Qxc7 Rc8 30. Qd7 Qc5 31. Bd4 Qc1 32. Qg4+
Kf8 33. Be3 Qc2 34. Rxd5 Nf6 35. Bxh6+ Ke8 36. Re5+ Kd8 37. Qd4+ Nd7 38. Bg5+
Kc7 39. Re1 Re8 40. Bf4+ Kc6 41. Qd6+ Kb5 42. Qxd7+ 1-0

[Event "31è Open International d'Avoine 2016"]
[Site "Avoine"]
[Date "2016.07.23"]
[Round "8.40"]
[White "Prevot, Rodolphe"]
[Black "Mevel, Alberic"]
[Result "0-1"]
[WhiteElo "1891"]
[BlackElo "2206"]
[PlyCount "96"]
[EventDate "2016.??.??"]
[WhiteTeam "A.A.J. Blois"]
[BlackTeam "Club d'Echecs de l'Arpajonnais"]

1. Nf3 Nf6 2. g3 d5 3. c4 c6 4. b3 Bf5 5. Bb2 e6 6. Bg2 Nbd7 7. O-O Be7 8. d3
h6 9. Nbd2 O-O 10. Rc1 Qb6 11. Rc2 a5 12. a3 Rfc8 13. Qa1 Bh7 14. Ne5 Nxe5 15.
Bxe5 Qd8 16. Rfc1 Ne8 17. cxd5 cxd5 18. Bh3 Rxc2 19. Rxc2 Rc8 20. Rxc8 Qxc8 21.
Qb2 Qc5 22. a4 Bf6 23. Nf3 Bxe5 24. Qxe5 Qc7 25. Qxc7 Nxc7 26. Nd4 Kf8 27. Kf1
Ke7 28. Ke1 Kd6 29. Kd2 Kc5 30. Kc3 e5 31. Nc2 d4+ 32. Kd2 f6 33. Kc1 Bg8 34.
Kb2 Nd5 35. Bg2 Nc3 36. Bxb7 Nxe2 37. Ka3 Nc3 38. f4 Nb1+ 39. Kb2 Nd2 40. fxe5
fxe5 41. b4+ axb4 42. a5 b3 43. Nb4 Kxb4 44. a6 Bc4 45. a7 Bxd3 46. Kc1 Kc3 47.
Kd1 b2 48. a8=Q b1=Q# 0-1

[Event "31è Open International d'Avoine 2016"]
[Site "Avoine"]
[Date "2016.07.23"]
[Round "8.41"]
[White "Eugene, Floryan"]
[Black "Grateau, Jean-Noel"]
[Result "1-0"]
[WhiteElo "2199"]
[BlackElo "1888"]
[PlyCount "57"]
[EventDate "2016.??.??"]
[WhiteTeam "Echiquier Club Le Mans"]
[BlackTeam "Echiquier Tourangeau"]

1. e4 c5 2. Nf3 e6 3. c3 Nf6 4. e5 Nd5 5. Bc4 d6 6. d4 cxd4 7. cxd4 Nb6 8. Bb3
dxe5 9. Nxe5 Nc6 10. Qf3 Nxe5 11. dxe5 Bb4+ 12. Nc3 O-O 13. O-O Qc7 14. Qg3 Rd8
15. Ne4 Nd5 16. Bg5 Be7 17. Rac1 Qb6 18. Bh6 Bf8 19. Rfd1 Kh8 20. Ng5 Kg8 21.
Qd3 g6 22. Qh3 Nf4 23. Qh4 Rd4 24. Kh1 Ne2 25. Rxd4 Qxd4 26. Ne4 f5 27. Rxc8
Rxc8 28. Bxe6+ Kh8 29. Qf6+ 1-0

[Event "31è Open International d'Avoine 2016"]
[Site "Avoine"]
[Date "2016.07.23"]
[Round "8.42"]
[White "Gerard, Nicolas"]
[Black "Crook, Oliver-James"]
[Result "1-0"]
[WhiteElo "2192"]
[BlackElo "1881"]
[PlyCount "43"]
[EventDate "2016.??.??"]
[WhiteTeam "Clermont-Ferrand Echecs"]
[BlackTeam "Echiquier Guingampais"]

1. d4 Nf6 2. c4 g6 3. Nc3 Bg7 4. e4 d6 5. f4 O-O 6. Nf3 Bg4 7. Be2 Nh5 8. Be3
Nd7 9. O-O c5 10. d5 b6 11. Re1 a6 12. h3 Bxf3 13. Bxf3 Nhf6 14. Bf2 Qc7 15.
Bg3 Ne8 16. e5 dxe5 17. d6 Nxd6 18. Bxa8 Rxa8 19. fxe5 Nxc4 20. Qd5 Rd8 21.
Qxc4 Nxe5 22. Qe2 1-0

[Event "31è Open International d'Avoine 2016"]
[Site "Avoine"]
[Date "2016.07.23"]
[Round "8.43"]
[White "Duval, Claire"]
[Black "Merenciano, Alexandre"]
[Result "0-1"]
[WhiteElo "1869"]
[BlackElo "2189"]
[PlyCount "88"]
[EventDate "2016.??.??"]
[WhiteTeam "Echiquier Tourangeau"]
[BlackTeam "Echiquier Montelais"]

1. d4 Nf6 2. c4 c5 3. d5 b5 4. cxb5 a6 5. bxa6 g6 6. Nf3 Bxa6 7. Nc3 Bg7 8. g3
d6 9. Bg2 Nfd7 10. O-O Nb6 11. a4 N8d7 12. Re1 O-O 13. e4 Nc4 14. Qc2 Qa5 15.
Nd2 Nde5 16. Nxc4 Bxc4 17. Bd2 Bd3 18. Qc1 Nc4 19. Bf1 Nxd2 20. Qxd2 Bxf1 21.
Kxf1 Rfb8 22. Reb1 Rb4 23. Qc2 Rc4 24. Ra3 Rb8 25. Rb3 Rxb3 26. Qxb3 Rb4 27.
Qc2 c4 28. Ke2 h5 29. Kf1 Kh7 30. f3 Rb3 31. Ke2 Qb4 32. Nd1 Qxa4 33. Rc1 c3
34. bxc3 Qa6+ 35. Kf2 Qb6+ 36. Kf1 Qa6+ 37. Qe2 Qa3 38. Qc2 Qa6+ 39. Qe2 Qb6
40. Qd3 Ra3 41. Qd2 Ra4 42. Rc2 Ra1 43. Ra2 Rb1 44. Rb2 Rxd1+ 0-1

[Event "31è Open International d'Avoine 2016"]
[Site "Avoine"]
[Date "2016.07.23"]
[Round "8.44"]
[White "Rubino, William"]
[Black "Rioland, Paul"]
[Result "1-0"]
[WhiteElo "2173"]
[BlackElo "1851"]
[PlyCount "47"]
[EventDate "2016.??.??"]
[WhiteTeam "Echiquier du Gâtinais"]
[BlackTeam "Echiquier Tourangeau"]

1. e4 c5 2. Nf3 e6 3. c4 Nc6 4. Nc3 a6 5. Be2 Qc7 6. O-O Nf6 7. d4 cxd4 8. Nxd4
Be7 9. Nxc6 bxc6 10. f4 d6 11. Be3 O-O 12. Qc2 e5 13. c5 exf4 14. Bxf4 Nd7 15.
Na4 Ne5 16. Nb6 Ra7 17. Nxc8 Rxc8 18. Rad1 dxc5 19. Qc3 f6 20. Bxa6 Rxa6 21.
Bxe5 Qa5 22. Qc4+ Kh8 23. Qe6 Raa8 24. Bc3 1-0

[Event "31è Open International d'Avoine 2016"]
[Site "Avoine"]
[Date "2016.07.23"]
[Round "8.46"]
[White "De Lussac, Rainier"]
[Black "Francez, Theo"]
[Result "1-0"]
[WhiteElo "2121"]
[BlackElo "1849"]
[PlyCount "69"]
[EventDate "2016.??.??"]
[WhiteTeam "Chevau-légers de la Choisille"]
[BlackTeam "Echiquier du pays de Liffré"]

1. d4 Nf6 2. Nf3 g6 3. g3 Bg7 4. Bg2 O-O 5. O-O c5 6. Nc3 cxd4 7. Nxd4 d5 8.
Nb3 e6 9. a4 Nc6 10. h3 Ne5 11. e4 dxe4 12. Nxe4 Nxe4 13. Bxe4 Nc4 14. c3 f5
15. Bg2 Qc7 16. Qe2 Kh8 17. Nd4 e5 18. Nb5 Qf7 19. b3 Na5 20. Ba3 Rd8 21. Rad1
Be6 22. Nd6 Qc7 23. Bb4 Nc6 24. Bxc6 Qxc6 25. Rd2 Bxb3 26. Rb1 Be6 27. Rbd1 Rd7
28. Nf7+ Rxf7 29. Rd8+ Rxd8 30. Rxd8+ Rf8 31. Bxf8 Bxf8 32. Qxe5+ Kg8 33. Qf6
Bf7 34. Qe7 Be8 35. Rxe8 1-0

[Event "31è Open International d'Avoine 2016"]
[Site "Avoine"]
[Date "2016.07.23"]
[Round "8.47"]
[White "Oney, Remel"]
[Black "Goettelmann, Guillaume"]
[Result "1-0"]
[WhiteElo "1844"]
[BlackElo "2103"]
[PlyCount "57"]
[EventDate "2016.??.??"]
[WhiteTeam "Chartres Metropole Echecs"]
[BlackTeam "Mulhouse Philidor"]

1. d4 Nf6 2. Nf3 e6 3. Bf4 c5 4. c3 b6 5. e3 Bb7 6. Bd3 Be7 7. Qe2 Ne4 8. Nbd2
f5 9. Bc2 Nxd2 10. Kxd2 Ba6 11. Bd3 Bxd3 12. Qxd3 d5 13. Ne5 O-O 14. h4 Bxh4
15. Qe2 g6 16. Qf3 cxd4 17. cxd4 Qe7 18. a3 Bf6 19. Rac1 Qb7 20. Nxg6 hxg6 21.
Rc7 Qxc7 22. Bxc7 Nc6 23. Qg3 Kg7 24. Qd6 Na5 25. Qd7+ Rf7 26. Rh7+ Kxh7 27.
Qxf7+ Bg7 28. Qxe6 Nc4+ 29. Ke2 1-0

[Event "31è Open International d'Avoine 2016"]
[Site "Avoine"]
[Date "2016.07.23"]
[Round "8.48"]
[White "Fruteau, Sabine"]
[Black "Retailleau, Elise"]
[Result "1-0"]
[WhiteElo "2094"]
[BlackElo "1836"]
[PlyCount "73"]
[EventDate "2016.??.??"]
[WhiteTeam "Orcher la Tour"]
[BlackTeam "Club d'Echecs de Sautron"]

1. e4 c5 2. Nf3 Nc6 3. Bb5 d6 4. O-O Bd7 5. c3 Nf6 6. Re1 g6 7. d4 cxd4 8. cxd4
Bg7 9. Nc3 O-O 10. d5 Ne5 11. Nxe5 dxe5 12. Bc4 Rc8 13. Qb3 Ne8 14. Be3 Nd6 15.
Bf1 b6 16. a4 e6 17. Red1 Qe7 18. Qa3 Rfd8 19. a5 bxa5 20. Bxa7 exd5 21. Bb6 d4
22. Bxd8 Rxd8 23. Nd5 Qe6 24. Qxa5 Rb8 25. f3 Rxb2 26. Qd8+ Qe8 27. Ra8 Qxd8
28. Rxd8+ Be8 29. Rxd6 Rb8 30. Bc4 Ba4 31. Ra1 Bc2 32. Ne7+ Kf8 33. Nc6 Rc8 34.
Ra7 Bh6 35. Rxf7+ Ke8 36. Re7+ Kf8 37. Rf6# 1-0

[Event "31è Open International d'Avoine 2016"]
[Site "Avoine"]
[Date "2016.07.23"]
[Round "8.49"]
[White "Cau, Benjamin"]
[Black "Reau, Philippe"]
[Result "1-0"]
[WhiteElo "2092"]
[BlackElo "1820"]
[PlyCount "61"]
[EventDate "2016.??.??"]
[WhiteTeam "Echecs Club de Corbas"]
[BlackTeam "Club d'Echecs de Parthenay"]

1. e4 c5 2. Nf3 d6 3. d4 cxd4 4. Nxd4 Nf6 5. Nc3 g6 6. g3 Bg7 7. Bg2 O-O 8. O-O
Nbd7 9. b3 Nc5 10. Bb2 Rb8 11. Nd5 Bd7 12. Re1 e6 13. Nxf6+ Bxf6 14. c4 b5 15.
cxb5 Bxb5 16. Qd2 Bd7 17. Rad1 Rb6 18. Bc3 Qb8 19. Bf1 Nb7 20. Qh6 Qd8 21. Ba1
e5 22. Nf3 Nc5 23. Bc3 Bg4 24. Qe3 Nb7 25. h3 Bxf3 26. Qxf3 Qc7 27. Bc4 Kg7 28.
Bd2 Rc6 29. Rc1 Rb8 30. h4 Nc5 31. Bd5 1-0

[Event "31è Open International d'Avoine 2016"]
[Site "Avoine"]
[Date "2016.07.23"]
[Round "8.50"]
[White "Nguyen, Vincent"]
[Black "Ghazaleh, Wissam"]
[Result "1/2-1/2"]
[WhiteElo "2090"]
[BlackElo "1813"]
[PlyCount "70"]
[EventDate "2016.??.??"]
[WhiteTeam "Club d'Echecs de Saint-Maur"]
[BlackTeam "Thomas Bourgneuf - Creteil"]

1. d4 Nf6 2. c4 g6 3. f3 d5 4. cxd5 Nxd5 5. e4 Nb6 6. Nc3 Bg7 7. Be3 O-O 8. Qd2
Nc6 9. O-O-O Na5 10. b3 Bd7 11. h4 Nc6 12. h5 Re8 13. Nh3 e5 14. d5 Nd4 15. Bg5
f6 16. Bh6 Bxh6 17. Qxh6 g5 18. f4 gxf4 19. Nxf4 Qe7 20. d6 Qg7 21. Qxg7+ Kxg7
22. Nfd5 Nxd5 23. Nxd5 cxd6 24. Rd3 Rac8+ 25. Kb1 Be6 26. Rg3+ Kf7 27. Bc4 Rg8
28. Rxg8 Rxg8 29. Rf1 Bxd5 30. Bxd5+ Ne6 31. Rc1 Re8 32. Rc7+ Re7 33. Rc8 b6
34. Rd8 Kg7 35. Bxe6 Rxe6 1/2-1/2

[Event "31è Open International d'Avoine 2016"]
[Site "Avoine"]
[Date "2016.07.23"]
[Round "8.23"]
[White "Coiffait, Pierre-Basile"]
[Black "Mirimanian, Hayk"]
[Result "1/2-1/2"]
[WhiteElo "2057"]
[BlackElo "2221"]
[PlyCount "126"]
[EventDate "2016.??.??"]
[WhiteTeam "Cannes Echecs"]
[BlackTeam "U.S.Villejuif Echecs"]

1. e4 e5 2. Nf3 Nc6 3. Bb5 a6 4. Ba4 Nge7 5. Nc3 g6 6. d4 exd4 7. Nd5 Nxd5 8.
exd5 Qe7+ 9. Kf1 Ne5 10. Bf4 Bg7 11. Qxd4 f6 12. Re1 O-O 13. Nxe5 fxe5 14. Bxe5
Re8 15. f4 d6 16. Bxe8 dxe5 17. Rxe5 Qd6 18. Kf2 Be6 19. Ba4 c5 20. Qd3 Bf5 21.
Qe3 b5 22. b4 Bxe5 23. fxe5 Qxd5 24. c4 Qf7 25. Bd1 Rd8 26. bxc5 Rd3 27. Qf4
Qa7 28. Bf3 Qxc5+ 29. Kg3 Rd4 30. Qe3 Rg4+ 31. Kf2 Rxc4 32. Qxc5 Rxc5 33. Rd1
Rxe5 34. Rd8+ Kg7 35. Ra8 Re6 36. Bb7 Rb6 37. Ra7 Kf6 38. Rxa6 Rxa6 39. Bxa6 b4
40. Bc4 Ke5 41. Ke3 Be4 42. g3 Bd5 43. Bxd5 Kxd5 44. Kd3 Kc5 45. Kc2 Kc4 46.
Kb2 Kc5 47. Kc2 Kb5 48. Kc1 Ka5 49. Kc2 Ka4 50. Kb2 h6 51. Kb1 Ka3 52. Ka1 g5
53. Kb1 h5 54. Ka1 h4 55. gxh4 gxh4 56. Kb1 h3 57. Ka1 Ka4 58. Kb2 Kb5 59. Kb3
Kc5 60. Kb2 Kd4 61. Kb3 Kc5 62. Kb2 Kd4 63. Kb3 Kc5 1/2-1/2